[Event "Mittelrhein-ch"]
[Site "Dueren"]
[Date "2010.06.04"]
[Round "3"]
[White "Bosbach, Jens"]
[Black "Frombach, Ralf"]
[Result "0-1"]
[WhiteElo "2025"]
[BlackElo "2206"]
[PlyCount "74"]
[EventDate "2010.06.02"]
[EventType "swiss"]
[EventRounds "5"]
[EventCountry "GER"]
[SourceTitle "CBM 137 Extra"]
[Source "ChessBase"]
[SourceDate "2010.09.01"]
[SourceVersion "1"]
[SourceVersionDate "2010.09.01"]
[SourceQuality "1"]

1. d4 d6 2. c4 e5 3. e3 Nd7 4. Nc3 f5 5. b4 Ngf6 6. Bb2 c6 7. a4 d5 8. c5 e4 9. a5 Be7 10. Nge2 Nf8 11. h4 Ne6 12. g3 0-0 13. Bg2 Rb8 14. Na4 Bd7 15. Nf4 Nxf4 16. exf4 Be8 17. Ra3 Bh5 18. Qc2 Re8 19. Bc1 Ng4 20. Be3 b6 21. axb6 axb6 22. Rb3 bxc5 23. Nxc5 Rb5 24. Kd2 Nf6 25. Ra1 Qd6 26. Bf1 Reb8 27. Rab1 Ng4 28. Ke1 Qg6 29. Nd7 Bxb4+ 30. Bd2 Bxd2+ 31. Kxd2 Rxb3 32. Rxb3 Rd8 33. Ne5 e3+ 34. fxe3 Nxe5 35. dxe5 Qxg3 36. Qb1 Qf2+ 37. Kd3 d4 0-1